Health care and environmental contamination (Record no. 98494)
[ view plain ]
| 000 -LEADER | |
|---|---|
| fixed length control field | nam a22 4500 |
| 005 - DATE AND TIME OF LATEST TRANSACTION | |
| control field | 20190221145056.0 |
| 008 - FIXED-LENGTH DATA ELEMENTS--GENERAL INFORMATION | |
| fixed length control field | 190221b ||||| |||| 00| 0 eng d |
| 020 ## - INTERNATIONAL STANDARD BOOK NUMBER | |
| International Standard Book Number | 978-0-444-63857-1 |
| 100 ## - MAIN ENTRY--PERSONAL NAME | |
| Personal name | Boxall , Alistair B.A ;ed |
| 245 ## - TITLE STATEMENT | |
| Title | Health care and environmental contamination |
| 260 ## - PUBLICATION, DISTRIBUTION, ETC. (IMPRINT) | |
| Name of publisher, distributor, etc | Elsevier |
| Date of publication, distribution, etc | 2017 |
| 653 ## - INDEX TERM--UNCONTROLLED | |
| Uncontrolled term | Environmental Contaminants and Health Care |
| 653 ## - INDEX TERM--UNCONTROLLED | |
| Uncontrolled term | Terrestrial ecotoxicity |
| 700 ## - ADDED ENTRY--PERSONAL NAME | |
| Personal name | Kookana ,Rai S ; ed by |
| 856 ## - ELECTRONIC LOCATION AND ACCESS | |
| Uniform Resource Identifier | tps://www.sciencedirect.com/book/9780444638571/health-care-and-environmental-contamination |
| 942 ## - ADDED ENTRY ELEMENTS (KOHA) | |
| item type | E-books |
| Lost status | Source of classification or shelving scheme | Not for loan | Home library | Current library | Date acquired | Total Checkouts | Barcode | Date last seen | Price effective from | Koha item type |
|---|---|---|---|---|---|---|---|---|---|---|
| Universal Decimal Classification | University Library | University Library | 21/02/2019 | EB001173 | 21/02/2019 | 21/02/2019 | E-books |
